Click Fast (SVG) - Sudden Death! - Statistics

General Stats
  • This quiz has been taken 632 times
  • The average score is 24 of 36
Answers on the Map
Answers color-coded by a green-red scale on the quiz's map according to % correct below.
 
Answer Stats
Answer % Correct
Orange
73%
Dark Blue
72%
Pink
72%
Light Green
71%
Orange
71%
Pink
70%
Red
70%
Dark Green
69%
Pink
69%
Purple
69%
Red
69%
Yellow
69%
Dark Blue
68%
Dark Green
68%
Pink
68%
Dark Green
67%
Light Blue
67%
Orange
67%
Orange
67%
Purple
67%
Yellow
67%
Dark Green
66%
Light Blue
66%
Light Blue
66%
Light Blue
66%
Red
66%
Yellow
66%
Dark Blue
65%
Light Green
65%
Light Green
65%
Purple
65%
Red
65%
Yellow
65%
Dark Blue
64%
Light Green
64%
Purple
64%
No matching quizzes found
Score Distribution
Percent of People with Each Score
Percentile by Number Answered
Your Score History
You have not taken this quiz